Ekonomický růst, konkurenceschopnost a kvalita života

Obsah konkurencieschopnosti ekonomiky. Kvalita ľudského života a index ľudského rozvoja. Ekonomický rast a konkurencieschopnosť podľa Svetového ekonomického fóra. Ekonomický rast a konkurencieschopnosť meraná indexom ľudského rozvoja.

Gespeichert in:
Bibliographische Detailangaben
1. Verfasser: Verner, Tomáš
Format: Buchkapitel
Sprache:Tschechisch
Schlagworte:
Tags: Tag hinzufügen
Keine Tags, Fügen Sie das erste Tag hinzu!

MARC

LEADER 00000naa a2200000 4500
001 0143733
005 20231204073350.0
041 0 |a cze 
044 |a CZ 
245 1 0 |a Ekonomický růst, konkurenceschopnost a kvalita života  |c Tomáš Verner 
520 |a Obsah konkurencieschopnosti ekonomiky. Kvalita ľudského života a index ľudského rozvoja. Ekonomický rast a konkurencieschopnosť podľa Svetového ekonomického fóra. Ekonomický rast a konkurencieschopnosť meraná indexom ľudského rozvoja. 
610 2 0 |a rast hospodársky 
610 2 0 |a kvalita života 
610 2 0 |a konkurencieschopnosť 
610 2 0 |a globalizácia 
610 2 0 |a zdroje ľudské 
100 1 |a Verner, Tomáš